000 00618nam a2200229 a 4500
999 _c1250
_d1250
005 20200514160044.0
008 140226b1980 cau||||| |||| 00| 0 eng d
040 _aCO-BoIAVH
_cCO-BoIAVH
041 _aeng
082 _a582.13
090 _aLB
_b01240
100 _aPorter, C. L.
_911480
245 _aTaxonomy of flowering plants
250 _a2 ed.
260 _aSan Francisco
_bW.H. Freeman and Company
_c1980?
300 _a459 p.
650 _aTaxonomía
_9102917
650 _aPlantas
_9102918
650 _aClaves taxonómicas
_9102919
650 _aDescripciones taxonómicas
_9102920
942 _cLIBRO
_2z